000 00930nam a2200229 a 4500
001 56020
003 BD-RjUL
005 20211209080338.0
008 161124s1957 bg ||||| |||| 00| 0 ben d
035 _a(BD-RjUL)56144
040 _aBD-RjUL
_bben
_cBD-RjUL
_dBD-RjUL
041 _aben
082 _223
_a813
_bALA 1957
245 1 0 _aএ্যালান পো এর শ্রেষ্ঠ গল্প /
_cমহিউদ্দিন আহমদ অনুদিত
260 _aঢাকা :
_bবার্ডস এ্যান্ড বুক্‌স,
_c১৯৫৭.
300 _aখন্ড . ;
_c১৫ সেমি.
505 _aখন্ড. ১. -- খণ্ড ২ --
650 _aআমেরিকান ইংরেজী উপন্যাস
_9166747
650 _aAmerican English Fictions
_9166748
700 _aআহমদ, মহিউদ্দিন
_qঅনুদিত
_9166749
942 _2ddc
_cBK
999 _c56020
_d56020